| 000 | 00640cam a22002291 4500 | ||
|---|---|---|---|
| 001 | sa 64000170 | ||
| 003 | DLC | ||
| 005 | 20260227111954.0 | ||
| 008 | 940805s1962 ii 000 0 pano | ||
| 010 | _asa 64000170 | ||
| 025 | _aPL480:I-Pu-246 | ||
| 035 | _a(OCoLC)30890813 | ||
| 040 |
_aDLC _cCU _dCU _dNSyU _dDLC |
||
| 042 | _apremarc | ||
| 050 | 0 | 0 |
_aBL2017.4 _b.A32 1962b |
| 130 | 0 |
_aĀdi-Granth. _kSelections. |
|
| 245 | 1 | 0 |
_aBārahamāhā darapaṇa, _cTārana Siṅgha. |
| 260 |
_aAmmritasara, _bBhāī Fakira Siṅgha, _c[1962] |
||
| 300 |
_a191 p. _c19 cm. |
||
| 500 | _aIn Panjabi. | ||
| 700 | 0 |
_aTārana Siṅgha, _d1922-1981. |
|
| 999 |
_c56066 _d56066 |
||